Les morceaux de Metallica - Statistiques

Statistiques générales
  • Ce quiz a été pris 522 fois
  • Le résultat moyen est 9 sur 11
Answers on the Grid
Answers color-coded by a green-red scale on the quiz's grid according to % correct below.
Peace Sells
Nothing Else Matters
November Rain
Orion
Battery
All Nightmare Long
Raining Blood
War Pigs
One
From Whom the Bell Tolls
Tornado of Souls
Black Dog
Seek & Destroy
Shy Boy
Fuel
Leper Messiah
Freak on a Leash
The Day that Never Comes
Duality
Sad but True
 
Statistiques - réponses
Réponse % Correct
Nothing Else Matters
98%
One
89%
Seek & Destroy
89%
From Whom the Bell Tolls
88%
Sad but True
86%
Fuel
85%
Battery
83%
Orion
81%
The Day that Never Comes
78%
All Nightmare Long
66%
Leper Messiah
61%
Aucun quiz correspondant
Distribution des résultats
% des personnes avec chaque résultat
Percentile par nombre de réponses
Votre historique - résultats
Vous n’avez pas pris ce quiz